History Quiz

Random History Quiz

Bloodiest Wars of all time Quiz Stats

 Plays Quiz not verified by Sporcle

Support Sporcle.
Go Orange.
Score 0/10 Timer 04:00
0 Plays Today
Years Wars % Correct
1939-1945World War II
100%
1914-1918World War I
95.9%
1804-1815Napoleonic Wars
49.1%
1917-1921Russian Civil War
37.1%
1207-1472Mongolian Conquests
21.3%
1851-1864Taiping Rebellion
15%
755-763An Shi Rebellion
4.1%
1862-1877Dungan revolt
2.2%
1616-1662Conquest of the Ming Dynasty
1.5%
1369-1405Conquest of Timur
1.5%

You're not logged in!

Compare scores with friends on all Sporcle quizzes.
OR
Log In

From the Vault

Click the Flick IV

by MSUKent

With good movies comes good trivia! Find out 25 things you didn't know about the making of some of your favorite films.

You Might Also Like...

Remove Ads.
Support Sporcle.
Get the best of Sporcle when you Go Orange. This ad-free experience offers more features, more stats, and more fun while also helping to support Sporcle. Thank you for becoming a member.

Show Comments

Extras

Created Mar 22, 2012ReportNominate
Tags:Bloodiest Wars

Top Quizzes Today


Score Distribution

Your Account Isn't Verified!

In order to create a playlist on Sporcle, you need to verify the email address you used during registration. Go to your Sporcle Settings to finish the process.

Report this User

Report this user for behavior that violates our Community Guidelines.

Details: